| 000 | 00847 a2200205 4500 | ||
|---|---|---|---|
| 020 | _a0195095995 | ||
| 040 |
_aDLC _bDLC |
||
| 082 | 0 | 0 | _a577 |
| 100 | 1 | _aKauffman, Stuart A. | |
| 245 | 1 | 0 |
_aAt home in the universe: the search for laws of self-organization and complexity _bthe search for laws of self-organization and complexity _cStuart Kauffman. |
| 260 |
_aNew York : _bOxford University Press, _c1995. |
||
| 300 |
_aviii, 321 p. : _bill. ; _c25 cm. |
||
| 650 | 0 |
_aLife _xOrigin. |
|
| 650 | 0 | _aSelf-organizing systems. | |
| 650 | 0 | _aMolecular evolution. | |
| 650 | 0 |
_aEvolution (Biology) _xPhilosophy. |
|
| 856 | 4 | 2 |
_3Publisher description _uhttp://www.loc.gov/catdir/enhancements/fy0604/94025268-d.html |
| 856 | 4 | 2 |
_3Contributor biographical information _uhttp://www.loc.gov/catdir/enhancements/fy0723/94025268-b.html |
| 942 |
_cBK _k577 KAU _2ddc |
||
| 999 |
_c7871 _d7871 |
||